000 00489nam a22001697a 4500
005 20251108165519.0
008 250721s1987 xx 000 0 ara d
082 1 4 _aم/912/حسي
100 1 _aمؤنس، حسين
245 1 0 _aأطلس تاريخ الإسلام /
250 _aطبعة مزيدة ومنقحة
264 1 _aالقاهرة :
_bالزهراء للاعلام العربي،
_c1987.
300 _a527ص.
650 1 7 _aاطالس
942 _2ddc
_cREF
999 _c29706
_d29706